zpět

Detail výsledku týmu

Chicago Bar & Grill ČT, Liberec

Datum a čas kvízu

27 Celkem bodů Celkový počet nahraných bodů na tomto kvízu bez doplňovacích otázek.
6. Pořadí na kvízu Konečné umístění týmu na tomto kvízu.

Zaznamenané odpovědi

# Otázka Odpověď Body Výsledky
1. Minulý týden navštívila Českou... Evropský parlament 0
2. Pokutami v celkové výši přes 3... Donald Trump 1
3. Jak se nazývá oblíbený komiks,... Čtyřlístek 1
4. Minulý týden vydal Český stati... A 1
5. Který norský sportovec získal... Johannes Bö 1
6. Obec s nejdelším názvem v Česk... A 1
7. Česká republika hraničí se čty... 1C 2A 3D 4B 1
8. Nejníže položené sídlo v České... Hřensko 1
9. V této otázce bude potřeba k z... 1A 2D 3B 4C 1
10. V České republice jsou čtyři ú... NP Šumava 1